000
00200 a2200097 4500
001
45574
100
_a
Alexander, S
245
_a
Nuteractur
260
_a
London
_b
W H Allen
_c
090
_c
28736
_d
28736
942
_a
NUST-CAE
_c
M
_c
20820
999
_c
280647
_d
280647